[Event "Mumbai Wealth op 4th"]
[Site "Mumbai"]
[Date "2019.01.05"]
[Round "7"]
[White "Banerjee, Sushant"]
[Black "Shah, Ram Surat Prasad"]
[Result "1-0"]
[WhiteElo "2198"]
[BlackElo "1639"]
[PlyCount "53"]
[EventDate "2018.12.30"]
[EventType "swiss"]
[EventRounds "9"]
[EventCountry "IND"]
[SourceTitle "CBM 188 Extra"]
[Source "ChessBase"]
[SourceDate "2019.02.26"]
[SourceVersion "1"]
[SourceVersionDate "2019.02.26"]
[SourceQuality "1"]

1. e4 e5 2. d4 exd4 3. c3 d6 4. cxd4 Nf6 5. Nc3 Be7 6. Nf3 0-0 7. Bc4 Be6 8. Bxe6 fxe6 9. Qb3 d5 10. e5 Ne8 11. Qxb7 Nd7 12. Qc6 Nb6 13. Qxe6+ Kh8 14. h4 Bb4 15. Bg5 Qd7 16. Qxd7 Nxd7 17. 0-0 c5 18. Nxd5 Ba5 19. Be7 Rf5 20. Bxc5 Nxc5 21. dxc5 Nc7 22. Nxc7 Bxc7 23. Rfe1 Kg8 24. Rad1 Rc8 25. b4 Kf8 26. Rd7 h6 27. Rxc7 1-0

[Event "Mumbai Wealth op 4th"]
[Site "Mumbai"]
[Date "2019.01.03"]
[Round "5"]
[White "Laoussing, Mathis"]
[Black "Shah, Ram Surat Prasad"]
[Result "0-1"]
[WhiteElo "1438"]
[BlackElo "1639"]
[PlyCount "74"]
[EventDate "2018.12.30"]
[EventType "swiss"]
[EventRounds "9"]
[EventCountry "IND"]
[SourceTitle "CBM 188 Extra"]
[Source "ChessBase"]
[SourceDate "2019.02.26"]
[SourceVersion "1"]
[SourceVersionDate "2019.02.26"]
[SourceQuality "1"]

1. e4 e6 2. d4 d5 3. exd5 exd5 4. Nf3 Nf6 5. c4 Bb4+ 6. Bd2 c5 7. Bxb4 cxb4 8. Be2 0-0 9. 0-0 Be6 10. Nbd2 Nc6 11. Rc1 Qa5 12. Qb3 Qd8 13. c5 Ne4 14. Qc2 f5 15. Bb5 a5 16. Bxc6 bxc6 17. Ne5 Qc7 18. f4 a4 19. Nxe4 dxe4 20. a3 bxa3 21. bxa3 Rfb8 22. Rb1 Rb3 23. Nc4 Qd8 24. Rxb3 axb3 25. Qxb3 Qxd4+ 26. Kh1 Qxc4 27. Qxc4 Bxc4 28. Ra1 e3 29. Kg1 Kf7 30. h4 Ke6 31. Rd1 e2 32. Rd6+ Ke7 33. Kf2 Rd8 34. Rxc6 Rd1 35. Rc7+ Kd8 36. Rxg7 e1Q+ 37. Kf3 Bd5# 0-1

[Event "Mumbai Wealth op 4th"]
[Site "Mumbai"]
[Date "2019.01.01"]
[Round "3"]
[White "Prajesh, R."]
[Black "Shah, Ram Surat Prasad"]
[Result "1-0"]
[WhiteElo "2102"]
[BlackElo "1639"]
[PlyCount "65"]
[EventDate "2018.12.30"]
[EventType "swiss"]
[EventRounds "9"]
[EventCountry "IND"]
[SourceTitle "CBM 188 Extra"]
[Source "ChessBase"]
[SourceDate "2019.02.26"]
[SourceVersion "1"]
[SourceVersionDate "2019.02.26"]
[SourceQuality "1"]

1. d4 e6 2. c4 d5 3. Nc3 Nf6 4. cxd5 exd5 5. Bg5 Be7 6. e3 0-0 7. Bd3 Be6 8. Nge2 Nbd7 9. Ng3 Re8 10. Nf5 Bxf5 11. Bxf5 c6 12. Qf3 Nf8 13. 0-0-0 a5 14. h4 b5 15. Kb1 a4 16. g4 b4 17. Ne2 Ne4 18. Bxe7 Rxe7 19. Bxe4 dxe4 20. Qg2 Qd7 21. Rc1 Qd6 22. Rc4 Nd7 23. Qg3 Qxg3 24. Nxg3 b3 25. Rxc6 Nf6 26. Nf5 Rb7 27. Nd6 bxa2+ 28. Kxa2 Rb4 29. Rhc1 Kf8 30. g5 Nd5 31. Rc8+ Rxc8 32. Rc4 Rc7 33. Rxc7 1-0

[Event "Mumbai Wealth op 4th"]
[Site "Mumbai"]
[Date "2018.12.30"]
[Round "1"]
[White "Ziatdinov, Raset"]
[Black "Shah, Ram Surat Prasad"]
[Result "1-0"]
[WhiteElo "2252"]
[BlackElo "1639"]
[PlyCount "87"]
[EventDate "2018.12.30"]
[EventType "swiss"]
[EventRounds "9"]
[EventCountry "IND"]
[SourceTitle "CBM 188 Extra"]
[Source "ChessBase"]
[SourceDate "2019.02.26"]
[SourceVersion "1"]
[SourceVersionDate "2019.02.26"]
[SourceQuality "1"]

1. e4 e6 2. f4 d5 3. e5 c5 4. Nf3 Nc6 5. Be2 g6 6. 0-0 Bg7 7. Na3 a6 8. d4 cxd4 9. Nxd4 Nge7 10. Be3 0-0 11. Nxc6 bxc6 12. Bc5 Re8 13. g4 f5 14. g5 Kf7 15. Rf3 Ng8 16. Qd4 Bd7 17. Rb3 h6 18. h4 Qc8 19. Rd1 Bf8 20. Rdd3 Bxc5 21. Qxc5 Qc7 22. Rb6 Reb8 23. Rdb3 Rxb6 24. Qxb6 Qxb6+ 25. Rxb6 a5 26. Kf2 Ra7 27. Ke3 hxg5 28. hxg5 a4 29. Kd4 Ne7 30. c4 Ra5 31. c5 Nc8 32. Ra6 Rxa6 33. Bxa6 Na7 34. Kc3 Ke7 35. Kb4 Kd8 36. Kxa4 Bc8 37. Bd3 Kc7 38. Nc2 Bd7 39. Nd4 Nc8 40. b4 Na7 41. Ba6 Kb8 42. Ka5 Nb5 43. Bxb5 cxb5 44. Kb6 1-0